| 000 | 00455nam a2200157I 4500 | ||
|---|---|---|---|
| 020 | _a9780803104914 | ||
| 040 | _cTXA | ||
| 082 | _aATK CHI 1978 C147 Or. | ||
| 100 | 1 | _aEmschwiller, Guy, | |
| 245 | 1 | 0 | _aChimie physique |
| 250 | _a[1. ©♭dition] | ||
| 300 |
_a3 volumes (1,452 pages) ; _c20 cm |
||
| 490 | 0 | _a"Euclide," introduction aux ©♭tudes scientifiques. 4. Section: Chimie | |
| 650 | 0 | _aChemistry, Physical and theoretical. | |
| 942 | _cAEDBB | ||
| 999 |
_c20895 _d20895 |
||